000 01250nam a22004330a 4500
001 PT60900
003 AR-LpoUNG
005 20210131232017.0
008 191001s2006||||ag |||||||||||||||||spa d
020 _a9871231202
_c$7.50
040 _aAR-LpoUNG
_bspa
_cAR-LpoUNG
_eaacr
041 _aspa
044 _aag
082 0 _a982.065 837pai
100 1 _aBonafini, Hebe de
_epról.
245 1 3 _aUn país, 30 años :
_bel pañuelo sigue haciendo historia
250 _a1ra. ed.
260 _aBuenos Aires :
_bMadres de Plaza de Mayo,
_c2006.
300 _a351 p. :
_btbls., gráfs., fot.
650 4 _aANALISIS HISTORICO
650 4 _aARGENTINA
650 4 _aASPECTOS CULTURALES
650 4 _aASPECTOS POLITICOS
650 4 _aASPECTOS SOCIALES
650 4 _aDERECHOS CIVILES
650 4 _aDERECHOS HUMANOS
650 4 _aDICTADURA
650 4 _aGOBIERNO MILITAR
650 4 _aHISTORIA POLITICA
650 4 _aPARTICIPACION POLITICA
653 _aCENTROS CLANDESTINOS DE DETENCION
653 _aDESAPARECIDOS
653 _aMADRES DE PLAZA DE MAYO
653 _aMEMORIA COLECTIVA
653 _aTERRORISMO DE ESTADO
710 2 _aAsociación Madres de Plaza de Mayo (Buenos Aires)
905 _a60900
942 _cLIB
999 _c13197
_d13197